书目信息 |
| 题名: |
项目评估学
|
|
| 作者: | 戚安邦 主编 | |
| 分册: | ||
| 出版信息: | 天津 南开大学出版社 2006.01 |
|
| 页数: | 353页 | |
| 开本: | 24cm | |
| 丛书名: | 南开现代项目管理系列教材 | |
| 单 册: | ||
| 中图分类: | F224.5 | |
| 科图分类: | ||
| 主题词: | 项目评价--xiang mu ping jia--高等学校--教材 | |
| 电子资源: | ||
| ISBN: | 7-310-02410-9 | |
| 000 | 00988nam 2200253 450 | |
| 001 | 012007036390 | |
| 005 | 20070924161733.31 | |
| 010 | @a7-310-02410-9@dCNY39.00 | |
| 100 | @a20070817d2006 km y0chiy0120 ea | |
| 101 | 0 | @achi |
| 102 | @aCN@b120000 | |
| 105 | @aa a 000yy | |
| 200 | 1 | @a项目评估学@Axiang mu ping gu xue@f戚安邦主编@Fqi an bang zhu bian |
| 210 | @a天津@c南开大学出版社@d2006.01 | |
| 215 | @a353页@c图@d24cm | |
| 225 | 2 | @a南开现代项目管理系列教材@Anan kai xian dai xiang mu guan li xi lie jiao cai |
| 320 | @a有书目 (第348-353页)。 | |
| 330 | @a本书阐述了项目可行性研究与项目评估的原理、内容和方法;介绍了项目评估的基础理论知识;资金等值计算与经济效果评价;论述了工业项目评价的主要内容和方法;讲述了非盈利性项目即公用事业项目的评价的特点等。 | |
| 410 | 0 | @12001 @a南开现代项目管理系列教材 |
| 606 | 0 | @a项目评价@Axiang mu ping jia@x高等学校@j教材 |
| 690 | @aF224.5@v4 | |
| 701 | 0 | @a戚安邦@Aqi an bang@4主编 |
| 801 | 0 | @aCN@c20070924 |
| 905 | @dF224.5@eQ004 | |
| 项目评估学/戚安邦主编.-天津:南开大学出版社,2006.01 |
| 353页:图;24cm.-(南开现代项目管理系列教材) |
| ISBN 7-310-02410-9:CNY39.00 |
| 本书阐述了项目可行性研究与项目评估的原理、内容和方法;介绍了项目评估的基础理论知识;资金等值计算与经济效果评价;论述了工业项目评价的主要内容和方法;讲述了非盈利性项目即公用事业项目的评价的特点等。 |
| ● |
| 相关链接 |
|
|
|
正题名:项目评估学
索取号:F224.5/Q004
 
预约/预借
| 序号 | 登录号 | 条形码 | 馆藏地/架位号 | 状态 | 备注 |
| 1 | 257494 | 202574945 | 社科库409/409社科库 73排3列5层/ [索取号:F224.5/Q004] | 在馆 | |
| 2 | 257495 | 202574954 | 社科二线422/409社科库 73排3列5层/ [索取号:F224.5/Q004] | 在馆 |